Tiempo y eternidad en Virgilio La Eneida, libros I-VI (Registro nro. 12375)

Detalles MARC
000 -ENCABEZADO
Número de control [NR] 00615nam a2200181Ia 4500
008 - DE LONGITUD FIJA DE DATOS DE ELEMENTOS - INFORMACIÓN GENERAL
Elementos de longitud fija [NR] 130821s1976 mx gr spa
040 ## - FUENTE DE CATALOGACION [NR]
Agencia de catalogación original [NR] Co-BoUCM
Idioma de catalogación [NR] spa
041 ## - CODIGO DE IDIOMA [R]
Código de idioma para texto/pista de sonido o título separado [R] Español
100 ## - ASIENTO PRINCIPAL--NOMBRE PERSONAL [NR]
Nombre personal [NR] Bonifaz Nuño, Rubén
ID Autoridad 155791
245 ## - MENCION DE TITULO [NR]
Título [NR] Tiempo y eternidad en Virgilio La Eneida, libros I-VI
Mención de responsabilidad, etc. [NR] Rubén Bonifaz Nuño
260 ## - PUBLICACION, DISTRIBUCION, ETC. (PIE DE IMPRENTA) [R]
Lugar de publicación, distribución, etc. [R] México D.F. (México)
Nombre del editor, distribuidor, etc. [R] UNAM
Fecha de publicación, distribución, etc. [R] 1976
300 ## - DESCRIPCION FISICA [R]
Extensión [R] 181 páginas
490 ## - MENCION DE SERIE [R]
Mención de serie [R] Cuadernos del Centro de Estudios Cl sicos; 5
650 04 - ASIENTO SECUNDARIO DE MATERIA - TERMINO TEMATICO [R]
Término temático o nombre geográfico como elemento de entrada [NR] Crítica literaria
9 (RLIN) 12204
650 04 - ASIENTO SECUNDARIO DE MATERIA - TERMINO TEMATICO [R]
Término temático o nombre geográfico como elemento de entrada [NR] Poesía épica
9 (RLIN) 21800
942 ## - ELEMENTOS DE ENTRADA AGREGADOS (KOHA)
Tipo de ítem principal el descrito en 300a Libro
Tema principal Literatura
Edición 1
Parte restante de la signatura top. B65T
Sistema de clasificación DEWEY
Clasificación 871
Título oculto en OPAC No
Existencias
Signatura topográfica Código de barras Última vez visto Ejemplar Price effective from Tipo de ítem Perdido Sistema de clasificación Dañado No prestable Tipo de ítem específico Suprimido Ubicación habitual Ubicación actual Localización Fecha de creación Forma de adquisición Costo
871 B65T 100014617 06/12/2025 Ej.1 03/02/2013 Libro   DEWEY     Libro   Claustro Claustro 2do piso 28/02/2003 Donación 600.00